Primi 15 paesi interessati da Covid-19 - 5 gennaio 2022 - Statistics

Statistiche generali
  • Questo quiz è stato fatto 12 volte
  • Il punteggio medio è 13 su 27
Statistiche sulle risposte
paese % Corretto
Stati Uniti
100%
Italia
91%
Russia
91%
Francia
82%
Regno Unito
82%
Spagna
82%
Brasile
73%
Germania
73%
India
55%
Irlanda
55%
Paesi Bassi
55%
Polonia
55%
Argentina
45%
Belgio
45%
Svizzera
45%
Cechia
27%
Colombia
27%
Indonesia
27%
Iran
27%
Slovacchia
27%
Slovenia
27%
Turchia
27%
Croazia
18%
Georgia
18%
Estonia
9%
Lituania
9%
Bahrain
0%
Nessun quiz corrispondente trovato
Distribuzione punteggi
Percentuale di utenti per punteggio
Percentile per numero di risposta
I tuoi punteggi nel tempo
Non hai fatto questo quiz